Catálogo
 En Linea

Matemática III & IV : (Registro nro. 45804)

Detalles MARC
000 -CABECERA
campo de control de longitud fija 01133nam a2200205 a 4500
001 - NÚMERO DE CONTROL
campo de control 000046315
005 - FECHA Y HORA DE LA ÚLTIMA TRANSACCIÓN
campo de control 20201002052802.0
008 - DATOS DE LONGITUD FIJA--INFORMACIÓN GENERAL
campo de control de longitud fija 150723s2006 dr acd 000 0 spa d
020 ## - NÚMERO INTERNACIONAL ESTÁNDAR DEL LIBRO
Número Internacional Estándar del Libro 9945400010
040 ## - FUENTE DE LA CATALOGACIÓN
Centro catalogador/agencia de origen DO-SdBNP
100 1# - ENTRADA PRINCIPAL--NOMBRE DE PERSONA
Nombre de persona Rosa, María del Jesús de la
9 (RLIN) 10954
245 10 - MENCIÓN DE TÍTULO
Título Matemática III & IV :
Resto del título educación media /
Mención de responsabilidad, etc. María del Jesús de la Rosa, Juan Antonio Manzueta, Francisca Antonia Medrano ; ilustraciones Daniel Bisonó.
260 ## - PUBLICACIÓN, DISTRIBUCIÓN, ETC.
Lugar de publicación, distribución, etc. Santo Domingo :
Nombre del editor, distribuidor, etc. Actualidad Escolar 2000,
Fecha de publicación, distribución, etc. 2006.
300 ## - DESCRIPCIÓN FÍSICA
Extensión 4 v. :
Otras características físicas il., retrs., diagr. ;
Dimensiones 28 cm.
500 ## - NOTA GENERAL
Nota general La biblioteca solamente posee el volumen III & IV que pertenece al 2 grado del primer ciclo de la educación media.
505 0# - NOTA DE CONTENIDO CON FORMATO
Nota de contenido con formato Matemática III --
Información miscelánea unidad 1 --
Título Razonamiento --
Información miscelánea unidad 2 --
Título Estadística --
Información miscelánea unidad 3 --
Título Relaciones y funciones --
Información miscelánea unidad 4 --
Título Geometría --
Nota de contenido con formato Matemática IV --
Información miscelánea unidad 1 --
Título Geometría --
Información miscelánea unidad 2 --
Título Trigonometría --
Información miscelánea unidad 3 --
Título Movimientos del plano --
Información miscelánea unidad 4 --
Título Álgebra --
700 1# - PUNTO DE ACCESO ADICIONAL--NOMBRE DE PERSONA
Nombre de persona Manzueta, Juan Antonio
9 (RLIN) 74337
700 1# - PUNTO DE ACCESO ADICIONAL--NOMBRE DE PERSONA
Nombre de persona Medrano, Francisca Antonia
9 (RLIN) 31220
700 1# - PUNTO DE ACCESO ADICIONAL--NOMBRE DE PERSONA
Nombre de persona Bisonó, Daniel
Término indicativo de función/relación il.
9 (RLIN) 74338
Existencias
Estado de retiro Estado de pérdida No para préstamo Código de colección Localización permanente Ubicación/localización actual Ubicación en estantería Fecha de adquisición Número de inventario Total de préstamos Signatura topográfica completa Código de barras Fecha visto por última vez Precio válido a partir de Tipo de ítem Koha Número de copia
    Excluido de préstamo Patrimonio Dominicano Patrimonio Dominicano Patrimonio Dominicano Depósito 27.07.2015 LF1   46315-10 25.06.2020 25.06.2020 Libro y Folleto Colección Patrimonio Dominicano  
    Excluido de préstamo Patrimonio Dominicano Patrimonio Dominicano Patrimonio Dominicano Depósito 27.07.2015 LF1   46315-20 25.06.2020 25.06.2020 Libro y Folleto Colección Patrimonio Dominicano e. 2

Con tecnología Koha